|
|
|
|
| LEADER |
00812nta a2200193 i 4500 |
| 001 |
dipl135482 |
| 005 |
20230809112348.0 |
| 008 |
230809s2022 hu om 0|| hun d |
| 040 |
|
|
|a SZTE Diploma Repozitórium
|b hun
|
| 041 |
|
|
|a hun
|
| 100 |
1 |
|
|a Czakó Nóra Kata
|
| 245 |
1 |
0 |
|a Ipari telep korszerűsítése napelemek és hidrogéncellák alkalmazásával
|h [elektronikus dokumentum] /
|c Nóra Kata Czakó
|
| 246 |
1 |
0 |
|a Modernisation of an industrial plant with solar panels and hydrogen cells
|h [elektronikus dokumentum]
|
| 260 |
|
|
|c 2022
|
| 650 |
|
4 |
|a Mérnöki tudományok
|
| 650 |
|
4 |
|a Engineering and technology
|
| 650 |
|
4 |
|a Other engineering and technologies
|
| 700 |
2 |
|
|a Péter Szabó István László
|e ths
|
| 856 |
4 |
0 |
|u https://diploma.bibl.u-szeged.hu/id/eprint/135482/1/2022_czako_nora_kata.pdf
|z Dokumentum-elérés
|